000 00555nam a2200145Ia 4500
008 100122s9999 xx 000 0 und d
082 _b32258
_a789.1
100 _aमृदंगाचार्य भगवानदास
245 _aमृदंग तबला-प्रभाकर भाग 2
260 _bसंगीत कार्यालय
_c1905
300 _a122
630 _aमृदंग तबला-प्रभाकर भाग 2
730 _aमृदंग तबला-प्रभाकर भाग 2
942 _cBOOK
999 _c383015
_d383012